Artículo sobre la utilidad del método escolastico/ (Record no. 53141)

MARC details
000 -LEADER
campo de control de longitud fija 01440aam a2200337 i 4500
001 - NÚMERO DE CONTROL
campo de control MOR01000053303
005 - FECHA Y HORA DE LA ÚLTIMA TRANSACCIÓN
campo de control 20260331125822.0
007 - CAMPO FIJO DE DESCRIPCIÓN FÍSICA--INFORMACIÓN GENERAL
campo de control de longitud fija ta
008 - DATOS DE LONGITUD FIJA--INFORMACIÓN GENERAL
campo de control de longitud fija 961029s1875 jam g 0 000 0 spa d
035 ## - NÚMERO DE CONTROL DEL SISTEMA
Número de control de sistema 961593
040 ## - FUENTE DE CATALOGACIÓN
Centro catalogador/agencia de origen mxcmmo
Lengua de catalogación spa
Normas de descripción rda
Centro/agencia transcriptor mxcmmo
041 0# - CÓDIGO DE IDIOMA
Código de lengua del texto/banda sonora o título independiente spa
082 04 - NÚMERO DE LA CLASIFICACIÓN DECIMAL DEWEY
Número de clasificación 720
Número de ítem RIV.d
100 1# - ENTRADA PRINCIPAL--NOMBRE DE PERSONA
Nombre de persona Rivera y Sanromán, Agustín
Fechas asociadas al nombre 1824-1916
Término indicativo de función/relación autor
9 (RLIN) 565
245 10 - MENCIÓN DEL TÍTULO
Título Artículo sobre la utilidad del método escolastico/
Mención de responsabilidad, etc. por Agustín Rivera
264 #1 - PRODUCCIÓN, PUBLICACIÓN, DISTRIBUCIÓN, FABRICACIÓN Y COPYRIGHT
Producción, publicación, distribución, fabricación y copyright San Juan de los Lagos, Jalisco :
Nombre del de productor, editor, distribuidor, fabricante [publisher not identified],
Fecha de producción, publicación, distribución, fabricación o copyright 1875.
300 ## - DESCRIPCIÓN FÍSICA
Extensión 7 páginas;
Dimensiones 21 cm
336 ## - TIPO DE CONTENIDO
Término de tipo de contenido texto
Código de tipo de contenido txt
Fuente rdacontent
337 ## - TIPO DE MEDIO
Nombre/término del tipo de medio sin medio
Código del tipo de medio n
Fuente rdamedia
338 ## - TIPO DE SOPORTE
Nombre/término del tipo de soporte volumen
Código del tipo de soporte nc
Fuente rdacarrier
501 ## - NOTA DE CON
Nota de "Con" Con: Descripción de un cuadro de veinte edificios / escrita por Agustín Rivera. -- San Juan de los Lagos : José Martín y Hermosillo, 1883 -- Los hijos de Jalisco, o sea, Catálogo de los catedráticos de filosofía en el Seminario Conciliar de Guadalajara ... / escritos por Agustín Rivera. -- 2a edition -- Guadalajara : Escuela de Artes i Oficios, 1897.
650 #7 - PUNTO DE ACCESO ADICIONAL DE MATERIA--TÉRMINO DE MATERIA
Término de materia o nombre geográfico como elemento de entrada Escolasticismo
9 (RLIN) 6539
900 ## - ELEMENTOS DE DATOS A LOCAL, LDA (RLIN)
Nombre de persona ALEPH14
Numeración 10
Títulos y otros términos asociados al nombre 20061103
Lenguaje de la obra MOR01
-- 1049
900 ## - ELEMENTOS DE DATOS A LOCAL, LDA (RLIN)
Nombre de persona BATCH-UPD
Numeración 00
Títulos y otros términos asociados al nombre 20120323
Lenguaje de la obra MOR01
-- 1743
900 ## - ELEMENTOS DE DATOS A LOCAL, LDA (RLIN)
Nombre de persona BATCH-UPD
Numeración 10
Títulos y otros términos asociados al nombre 20120321
Lenguaje de la obra MOR01
-- 1703
900 ## - ELEMENTOS DE DATOS A LOCAL, LDA (RLIN)
Nombre de persona BATCH
Numeración 00
Títulos y otros términos asociados al nombre 20120322
Lenguaje de la obra MOR01
-- 1726
900 ## - ELEMENTOS DE DATOS A LOCAL, LDA (RLIN)
Nombre de persona DYNIX
Numeración 00
Títulos y otros términos asociados al nombre 20030304
Lenguaje de la obra MOR01
-- 1720
904 ## - ELEMENTOS DE DATOS D LOCAL, LDD (RLIN)
a UPDATE
942 ## - ELEMENTOS DE ENTRADA SECUNDARIOS (KOHA)
Código de la institución [OBSOLETO] BK
901 ## - ELEMENTOS DE DATOS A LOCAL LDA (RLIN)
a batch batch
Holdings
Estatus retirado Estado de pérdida Fuente del sistema de clasificación o colocación Estado de daño Restricciones de uso No para préstamo Colección Biblioteca de origen Biblioteca actual Ubicación en estantería Fecha de adquisición Fuente de adquisición Número de inventario Total de préstamos Signatura topográfica completa Código de barras Visto por última vez Precio de reemplazo Tipo de ítem Koha
    Clasificación Decimal Dewey   En sala   Fondo Antiguo Biblioteca Instituto Mora Biblioteca Instituto Mora En sala 29/10/1996   79428   (R)/720 RIV.d 33291000868923 03/09/2024 03/09/2024 Libro